000
00356nam a2200133Ia 4500
008
100328s9999 xx 000 0 und d
082
_b
34187
100
_a
कापसे स्मिता
245
_a
रामायणीय
260
_b
आरती
630
_a
रामायणीय
730
_a
रामायणीय
942
_c
BOOK
999
_c
524414
_d
524411